000 00500nam a2200205Ia 4500
003 OSt
005 20220926044540.0
006 a|||||r|||| 00| 0
007 ta
008 220923b |||||||| |||| 00| 0 eng d
037 _cGeneral Book
040 _aRTL
_cRTL
_beng
041 _2eng
_aeng
082 _aXv5:N3, G8
100 _aRoll Erich
245 0 _aHistory of economic thought
260 _c1938
942 _hXv5:N3, G8
_cGB
_2CC
999 _c675156
_d675156